00533nam a2200169Ia 4500003000400000005001700004008004000021020001500061040000700076082001500083100001700098245008700115260003800202300000900240650009400249700002000343OSt20251208111730.0210210b1979 xxu||||| |||| 00| 0 eng d a0333240375 cAL a820.9 DYSC aDyson A E Ed aCharles Dickens Hard times great expectations and our mutual friendb: casebooks  aLondonbMacmillan Press Ltdc1979 a211p aCharlesDickens Hard Times Great Expectations our Mutual Friend critical Essays Case Books aPage, Norman Ed